WYMIEŃ KOLORY WOJSKOWYCH BERETÓW: - Statystyki

Ogólne statystyki
  • Ten quiz został rozwiązany 147 razy
  • Średni wynik to 4 z 5
Statystyki odpowiedzi
Hint Odpowiedź % Poprawnych
5. ZIELONY
99%
3. CZARNY
98%
1. CZERWONY
96%
2. NIEBIESKI
93%
4. SZARY
58%
Nie znaleziono quizów pasujących do podanych kryteriów
Rozkład punktacji
Procent ludzi z każdym wynikiem
Percentyl według liczby udzielonych odpowiedzi
Twoja historia wyników
Nie rozwiązałeś tego quizu